MARC

Tag First Indicator Second Indicator Subfields
LEADER 00000cam a2200000Ia 4500
001 in00002197821
005 20211202204221.0
007 he bmb024bbca
008 940613s1989 dcua bbt f000 0 eng d
035 |a (OCoLC)ocm30597835 
037 |a N 90-11968  |b NASA 
040 |a SPI  |c SPI  |d OCL  |d GPO  |d MvI  |d UtOrBLW 
049 |a UMIC 
049 |a WWW 
074 |a 0830-H-14 (MF) 
074 |a 0830-H-14 (online) 
086 0 |a NAS 1.26:4261 
100 1 |a Khorrami, Mehdi R. 
245 1 2 |a A study of the temporal stability of multiple cell vortices /  |c Mehdi R. Khorrami. 
264 1 |a [Washington, D.C.] :  |b National Aeronautics and Space Administration, Office of Management, Scientific and Technical Information Division ;  |c 1989. 
264 2 |a [Springfield, Va.] :  |b [For sale by the National Technical Information Service], 
300 |a 207 pages :  |b illustrations ;  |c 28 cm. 
336 |a text  |b txt  |2 rdacontent 
337 |a microform  |b h  |2 rdamedia 
338 |a microfiche  |b he  |2 rdacarrier 
490 1 |a NASA contractor report ;  |v 4261 
500 |a "November 1989"--Cover. 
500 |a "Prepared for Langley Research Center under grant NAG1-530." 
500 |a Shipping list number: 90-0465-M. 
504 |a Includes bibliographical references (pages 203-207). 
513 |a Progress report;  |b period ending 10/31/88. 
530 |a Also available via Internet from the NASA Technical Report Server web site. Address as of 5/16/06: http://ntrs.nasa.gov/archive/nasa/casi.ntrs.nasa.gov/19900002652%5F1990002652.pdf; current access available via PURL. 
533 |a Microfiche.  |b [Washington, D.C. :  |c National Aeronautics and Space Administration,  |d 1990].  |e 3 microfiches : negative. 
536 |h 505-60-31-07 
500 |a Microform. 
650 0 |a Vortex-motion. 
650 7 |a Flow stability.  |2 nasat 
650 7 |a Temporal distribution.  |2 nasat 
650 7 |a Vortices.  |2 nasat 
710 1 |a United States.  |b National Aeronautics and Space Administration.  |b Scientific and Technical Information Division. 
710 2 |a Old Dominion University.  |b Research Foundation. 
710 2 |a Langley Research Center. 
830 0 |a NASA contractor report ;  |v NASA CR-4261. 
856 4 1 |u https://purl.fdlp.gov/GPO/LPS69887  |t 0 
999 |a MARS 
999 f f |s 9e593908-0871-314d-b0fc-7731417bbec4  |i 754ef64d-d9e0-3ace-8098-9e0e51e23c04  |t 0 
952 f f |a Texas A&M University  |b College Station  |c Electronic Resources  |d Available Online  |t 0  |e NAS 1.26:4261  |h Superintendent of Documents classification 
952 f f |a Texas A&M University  |b College Station  |c Sterling C. Evans Library  |d Evans: US Documents Microfiche (3rd floor)  |t 0  |e NAS 1.26:4261  |h Superintendent of Documents classification 
998 f f |a NAS 1.26:4261  |t 0  |l Available Online 
998 f f |a NAS 1.26:4261  |t 0  |l Evans: US Documents Microfiche (3rd floor)